00348nam a2200145Ia 450000500170000000800410001702000150005808200130007310000180008624500280010426000280013230000120016065000130017265000170018520250626031824.0240331s9999 xx 000 0 und d a9559979845 bJAYa361 aJayasundara,L 0aManawa himikam vimasuma bAuthor Publishersc2007 a60 p ., aMorality aHuman Rights